[Event "HUN-ch U20"]
[Site "Szolnok"]
[Date "2024.04.03"]
[Round "4"]
[White "Beznicza, Mira"]
[Black "Kovacs, Reka"]
[Result "0-1"]
[WhiteElo "1801"]
[BlackElo "1855"]
[PlyCount "140"]
[EventDate "2024.03.31"]
[EventType "swiss"]
[EventRounds "9"]
[EventCountry "HUN"]
[SourceTitle "CB16_2024"]
[SourceDate "2024.04.17"]
[SourceVersion "1"]
[SourceVersionDate "2024.04.17"]
[SourceQuality "1"]

1. e4 e5 2. Nf3 Nc6 3. Bb5 a6 4. Ba4 Nf6 5. d4 exd4 6. 0-0 Be7 7. Re1 b5 8. Bb3 d6 9. Bd5 Nxd5 10. exd5 Ne5 11. Nxd4 0-0 12. Bf4 Bf6 13. Nc3 Bd7 14. Ne4 Nc4 15. Rb1 Nb6 16. Ne2 Nc4 17. Nd4 Re8 18. Qd3 Ne5 19. Qd2 Nc4 20. Qd3 Nb6 21. Ne2 Bf5 22. N2g3 Bg6 23. b3 Nd7 24. Qd2 Be5 25. Bxe5 dxe5 26. Rbc1 h6 27. f4 f5 28. Nf2 Qf6 29. c4 bxc4 30. Rxc4 exf4 31. Rxe8+ Rxe8 32. Qxf4 Re1+ 33. Nf1 Bh5 34. Rxc7 Be2 35. Rc8+ Nf8 36. Rc1 Rxf1+ 37. Rxf1 Bxf1 38. Kxf1 Qa1+ 39. Ke2 Qxa2+ 40. Qd2 Qxb3 41. d6 Nd7 42. Nh3 Qc4+ 43. Ke1 Qe4+ 44. Kf2 Qc4 45. Qe3 Qe4 46. Qb3+ Kf8 47. Qd1 a5 48. g3 a4 49. Nf4 Kf7 50. Qd2 g5 51. Qa2+ Kf6 52. Qb2+ Qe5 53. Nd5+ Ke6 54. Nc7+ Kxd6 55. Nb5+ Kc6 56. Nd4+ Kd5 57. Qb7+ Kc4 58. Qa6+ Kxd4 59. Qxa4+ Kc5 60. Qxd7 Qd4+ 61. Qxd4+ Kxd4 62. Kf3 Kd3 63. h3 Kd4 64. h4 gxh4 65. gxh4 Ke5 66. Ke3 f4+ 67. Kf3 Kf5 68. h5 Kg5 69. Ke4 Kg4 70. Ke5 f3 0-1

[Event "HUN-ch U10/14 Girls"]
[Site "Buek"]
[Date "2023.06.21"]
[Round "4"]
[White "Eros, Vivien"]
[Black "Beznicza, Mira"]
[Result "1/2-1/2"]
[WhiteElo "1728"]
[BlackElo "1754"]
[PlyCount "53"]
[EventDate "2023.06.17"]
[EventType "swiss"]
[EventRounds "9"]
[EventCountry "HUN"]
[SourceTitle "CBM 215 Extra"]
[Source "ChessBase"]
[SourceDate "2023.09.30"]
[SourceVersion "1"]
[SourceVersionDate "2023.09.30"]
[SourceQuality "1"]

1. c4 e5 2. Nc3 Nc6 3. Nf3 Nf6 4. g3 Bb4 5. Nd5 Bc5 6. Bg2 0-0 7. 0-0 d6 8. d3 h6 9. Nxf6+ Qxf6 10. Nd2 Qe7 11. Ne4 Bb6 12. Nc3 Qd8 13. Nd5 Bc5 14. Bd2 a5 15. a3 a4 16. e3 Ne7 17. Nc3 Qd7 18. Qc2 f5 19. Kh1 Kh8 20. f4 Ng8 21. Bf3 Nf6 22. Rae1 Rf7 23. Ne2 Qe8 24. d4 Bb6 25. c5 e4 26. Bg2 dxc5 27. dxc5 1/2-1/2

[Event "HUN-ch U10/14 Girls"]
[Site "Buek"]
[Date "2023.06.20"]
[Round "3"]
[White "Beznicza, Mira"]
[Black "Biro, Beata"]
[Result "1-0"]
[WhiteElo "1754"]
[BlackElo "1684"]
[PlyCount "87"]
[EventDate "2023.06.17"]
[EventType "swiss"]
[EventRounds "9"]
[EventCountry "HUN"]
[SourceTitle "CBM 215 Extra"]
[Source "ChessBase"]
[SourceDate "2023.09.30"]
[SourceVersion "1"]
[SourceVersionDate "2023.09.30"]
[SourceQuality "1"]

1. e4 c5 2. Nc3 Nc6 3. g3 g6 4. Bg2 Bg7 5. d3 d6 6. Be3 e5 7. Nh3 Nge7 8. 0-0 0-0 9. f4 Nd4 10. Qd2 f6 11. Rae1 Be6 12. Nd1 b5 13. fxe5 dxe5 14. c3 Ndc6 15. Bxc5 Bxa2 16. Ne3 Rf7 17. d4 Bc4 18. Nxc4 bxc4 19. d5 Na5 20. Qf2 h6 21. Bxa7 Nxd5 22. Rd1 Raxa7 23. Rxd5 Qc7 24. Rfd1 Ra8 25. Rc5 Qb8 26. Bf1 Qb3 27. Rdd5 Rfa7 28. Rb5 Qa4 29. Rb4 Qc6 30. Rc5 Qe6 31. Rxa5 Qe7 32. Bxc4+ Kh7 33. Rxa7 Rxa7 34. Qb6 Bf8 35. Rb5 Rc7 36. Qe6 Qg7 37. Kg2 Re7 38. Qb6 Rc7 39. Bd5 h5 40. Qa6 Kh6 41. Rb7 Rxb7 42. Qxb7 Qh8 43. b4 Bg7 44. Qa8 1-0

[Event "Arco op 44th"]
[Site "Arco"]
[Date "2022.10.13"]
[Round "6"]
[White "Hansen, Anders1111"]
[Black "Beznicza, Mira"]
[Result "0-1"]
[WhiteElo "1543"]
[BlackElo "1667"]
[PlyCount "37"]
[EventDate "2022.10.08"]
[EventType "swiss"]
[EventRounds "9"]
[EventCountry "ITA"]
[SourceTitle "CBM 210 Extra"]
[Source "ChessBase"]
[SourceDate "2022.11.30"]
[SourceVersion "1"]
[SourceVersionDate "2022.11.30"]
[SourceQuality "1"]

1. b3 Nf6 2. Bb2 e6 3. Nf3 d5 4. d3 Bd6 5. g3 0-0 6. Bg2 c5 7. Nbd2 Nc6 8. 0-0 e5 9. h3 Re8 10. Re1 e4 11. dxe4 dxe4 12. Nc4 exf3 13. Bxf6 Qxf6 14. Qxd6 fxg2 15. Qxf6 gxf6 16. Kxg2 Nd4 17. e3 Nxc2 18. Rad1 Nxe1+ 19. Rxe1 0-1

[Event "HUN-ch U12"]
[Site "Tapolca"]
[Date "2021.08.05"]
[Round "5"]
[White "Beznicza, Mira"]
[Black "Eros, Vivien"]
[Result "1-0"]
[WhiteElo "1330"]
[BlackElo "1387"]
[PlyCount "101"]
[EventDate "2021.08.01"]
[EventType "swiss"]
[EventRounds "7"]
[EventCountry "HUN"]
[SourceTitle "EXT 2022"]
[Source "ChessBase"]
[SourceDate "2021.10.06"]
[SourceVersion "1"]
[SourceVersionDate "2021.10.06"]
[SourceQuality "1"]

1. e4 c5 2. Nc3 Nc6 3. d3 g6 4. Be3 d6 5. d4 cxd4 6. Bxd4 Nxd4 7. Qxd4 Nf6 8. e5 dxe5 9. Qxe5 Bg7 10. Rd1 Qb6 11. Bb5+ Kf8 12. Qc5 Nd7 13. Qxb6 Bxc3+ 14. bxc3 Nxb6 15. Ne2 Kg7 16. 0-0 Be6 17. a4 a6 18. a5 Bc4 19. axb6 Bxb5 20. Rfe1 e6 21. Nd4 Ba4 22. Re4 Rhd8 23. Rxe6 Bxc2 24. Rd2 Rxd4 25. cxd4 fxe6 26. Rxc2 Rf8 27. f3 Rf7 28. Rc7 Kf6 29. Kf2 Re7 30. f4 Kf7 31. Ke3 Ke8 32. Rc8+ Kd7 33. Rc4 Kd8 34. Ke4 Rd7 35. Ke5 Rd5+ 36. Kxe6 Rb5 37. d5 Rxb6+ 38. d6 Rc6 39. Rb4 b5 40. g3 Rb6 41. f5 gxf5 42. Rf4 Ke8 43. Rxf5 Rb7 44. Rc5 Rb8 45. Rg5 Kf8 46. Rf5+ Kg8 47. d7 b4 48. Ke7 b3 49. d8Q+ Rxd8 50. Kxd8 b2 51. Rf1 1-0

[Event "HUN-ch U12"]
[Site "Tapolca"]
[Date "2021.08.03"]
[Round "2"]
[White "Beznicza, Mira"]
[Black "Toth, Lili1111"]
[Result "1-0"]
[WhiteElo "1330"]
[BlackElo "2199"]
[PlyCount "113"]
[EventDate "2021.08.01"]
[EventType "swiss"]
[EventRounds "7"]
[EventCountry "HUN"]
[SourceTitle "EXT 2022"]
[Source "ChessBase"]
[SourceDate "2021.10.06"]
[SourceVersion "1"]
[SourceVersionDate "2021.10.06"]
[SourceQuality "1"]

1. e4 e5 2. Nf3 Nc6 3. Bb5 a6 4. Bxc6 dxc6 5. 0-0 Bd6 6. d4 exd4 7. Qxd4 f6 8. Re1 Be5 9. Qxd8+ Kxd8 10. Nxe5 fxe5 11. Nd2 Ne7 12. Nf3 Ng6 13. h3 Rf8 14. Bd2 Bxh3 15. Ng5 Bd7 16. Nxh7 Rh8 17. Ng5 Ke7 18. Re3 Nf4 19. Bc3 Rh5 20. Bxe5 Rah8 21. f3 Rh1+ 22. Kf2 Rxa1 23. Bxf4 Rxa2 24. Rb3 b5 25. Bxc7 Be6 26. Rc3 Rxb2 27. Kg3 Bc4 28. Be5 Ra2 29. f4 Rd8 30. Nf3 g6 31. Nd4 Rc8 32. f5 gxf5 33. exf5 c5 34. f6+ Kf7 35. Nf5 Rg8+ 36. Kf4 Rxg2 37. Ne3 Rf2+ 38. Kg3 Rd2 39. Bf4 Rd4 40. Nf5 Rxf4 41. Kxf4 Kxf6 42. Nd6 Ke6 43. Ne4 Kd5 44. Ke3 a5 45. Nf6+ Kc6 46. Kd2 Ra1 47. Rh3 b4 48. Rh5 Rg1 49. Ne4 Rg2+ 50. Kc1 Bd5 51. Rh6+ Kb5 52. Nd6+ Ka4 53. Rh5 Bf3 54. Rxc5 Rg1+ 55. Kb2 b3 56. cxb3+ Kb4 57. Rc4# 1-0

[Event "HUN-ch U10 Girls"]
[Site "Balatonlelle"]
[Date "2019.06.26"]
[Round "6"]
[White "Beznicza, Mira"]
[Black "Gabor, Maria"]
[Result "1/2-1/2"]
[WhiteElo "1188"]
[BlackElo "1308"]
[PlyCount "140"]
[EventDate "2019.06.22"]
[EventType "swiss"]
[EventRounds "7"]
[EventCountry "HUN"]
[SourceTitle "CBM 191 Extra"]
[Source "ChessBase"]
[SourceDate "2019.09.30"]
[SourceVersion "1"]
[SourceVersionDate "2019.09.30"]
[SourceQuality "1"]

1. e4 e5 2. Nf3 Nc6 3. Bb5 d6 4. d4 a6 5. Ba4 b5 6. Bb3 Nxd4 7. Nxd4 exd4 8. Bd5 Rb8 9. Qxd4 Nf6 10. 0-0 Bd7 11. c3 Be7 12. Bb3 c5 13. Qe3 0-0 14. Bc2 Re8 15. h3 Bf8 16. Qf4 Bc6 17. Nd2 Nh5 18. Qg4 Nf6 19. Qf4 Qc7 20. b3 Rbc8 21. Bb2 d5 22. Qxc7 Rxc7 23. exd5 Nxd5 24. Rfe1 Rce7 25. Rxe7 Rxe7 26. Kf1 Nf4 27. g3 Nxh3 28. Re1 Bg2+ 29. Kxg2 Rxe1 30. Kxh3 Re2 31. Bc1 Rxf2 32. Bd3 Be7 33. c4 b4 34. g4 Bd6 35. g5 Rh2+ 36. Kg4 Rg2+ 37. Kf3 Rg3+ 38. Ke2 Bf4 39. Nf1 Rxd3 40. Bxf4 Rc3 41. Bd6 Rc2+ 42. Nd2 Rxa2 43. Bxc5 a5 44. Bd4 a4 45. bxa4 Rxa4 46. c5 Ra2 47. c6 Rc2 48. c7 Rxc7 49. Be3 b3 50. Nxb3 Rc3 51. Nd4 Kf8 52. Kd2 Rc8 53. Nb3 Ke8 54. Nc5 Ke7 55. Kd3 f6 56. gxf6+ Kxf6 57. Bd4+ Kf5 58. Nb7 Kg6 59. Nc5 h5 60. Ke3 Rd8 61. Ke4 Rxd4+ 62. Kxd4 Kf5 63. Ke3 g5 64. Ne4 h4 65. Nxg5 Kxg5 66. Kf3 Kf5 67. Kg2 Kg4 68. Kh2 h3 69. Kg1 Kg3 70. Kh1 h2 1/2-1/2

[Event "HUN-ch U10 Girls"]
[Site "Balatonlelle"]
[Date "2019.06.23"]
[Round "2"]
[White "Beznicza, Mira"]
[Black "Eros, Vivien"]
[Result "0-1"]
[WhiteElo "1188"]
[BlackElo "1317"]
[PlyCount "54"]
[EventDate "2019.06.22"]
[EventType "swiss"]
[EventRounds "7"]
[EventCountry "HUN"]
[SourceTitle "CBM 191 Extra"]
[Source "ChessBase"]
[SourceDate "2019.09.30"]
[SourceVersion "1"]
[SourceVersionDate "2019.09.30"]
[SourceQuality "1"]

1. e4 e6 2. Nf3 d5 3. Nc3 dxe4 4. Nxe4 Bd7 5. d4 Bc6 6. Bd3 Nd7 7. Qe2 Ngf6 8. 0-0 Nxe4 9. Bxe4 Bxe4 10. Qxe4 Nf6 11. Qxb7 Bd6 12. Bg5 0-0 13. Bxf6 Qxf6 14. Qe4 Rab8 15. Rab1 Rb5 16. c4 Rf5 17. g3 Rxf3 18. b3 Qf5 19. Qe2 Qg4 20. Qd2 h5 21. h4 Bf4 22. Qc2 Bxg3 23. fxg3 Rxg3+ 24. Kh1 Qxh4+ 25. Qh2 Qe4+ 26. Rf3 Qxf3+ 27. Qg2 Qxg2# 0-1